LEADER 01033nam--2200373---450- 001 990000890520203316 005 20060113104649.0 010 $a88-87995-27-3 035 $a0089052 035 $aUSA010089052 035 $a(ALEPH)000089052USA01 035 $a0089052 100 $a20020121d2001----km-y0itay0103----ba 101 0 $aita 102 $aIT 105 $aa|||z|||001yy 200 1 $aItalian landscapes$dpaesaggi italiani$fXing 210 $aRoma$cLuca Sossella$dcopyr. 2001 215 $aill.$d18x32 cm 225 2 $aTest$v5 410 0$12001$aTest$v5 606 $aFotografie$yItalia 676 $a779.0945 801 0$aIT$bsalbc$gISBD 912 $a990000890520203316 951 $aXIII.5. 60(VII E 642)$b161678 L.M.$cVII E$d00080452 959 $aBK 969 $auma 979 $aCHIARA$b90$c20020121$lUSA01$h1556 979 $c20020403$lUSA01$h1733 979 $aPATRY$b90$c20040406$lUSA01$h1701 979 $aCOPAT5$b90$c20060113$lUSA01$h1046 996 $aItalian landscapes$9970232 997 $aUNISA